| 000 | 00728nam a22002537a 4500 | ||
|---|---|---|---|
| 999 |
_c6800 _d6800 |
||
| 001 | 6800 | ||
| 003 | BD-JhCC | ||
| 005 | 20180130170851.0 | ||
| 008 | 940611s1950 enk 000 0 eng d | ||
| 035 | _a(BD-JhCC)6800 | ||
| 040 |
_aBD-JhCC _dBD-JhCC |
||
| 041 | _aeng | ||
| 082 |
_a808.042 _bMOO 1950 |
||
| 100 | 1 |
_aMoon, A. R. _q(Arthur Reginald) |
|
| 245 | 1 | 0 |
_aSocial English / _cby A.R. Moon and G.H. McKay |
| 250 | _aRev. ed | ||
| 260 |
_aLondon : _bLongmans Green, _c1950. |
||
| 300 |
_a156 p. : _bill. ; _c21 cm. |
||
| 650 | 0 |
_aEnglish language _xComposition and exercises _xStudy and teaching (Secondary) |
|
| 650 | 0 |
_aEnglish language _xSocial aspects |
|
| 700 | 1 | _aMckay, G. H. | |
| 942 |
_2ddc _cBK |
||